Atlético de Madrid Squad 2020-2021 - Statistics

General Stats
  • This quiz has been taken 128 times
    108 since last reset
  • The average score is 20 of 26
Answer Stats
# Position Nation Player % Correct
7 FW Portugal João Félix
97%
13 GK Slovenia Jan Oblak
95%
2 DF Uruguay José María Giménez
95%
9 FW Uruguay Luis Suárez
95%
6 MF Spain Koke
93%
23 DF England Kieran Trippier
90%
11 FW France Thomas Lemar
90%
10 FW Argentina Ángel Correa
88%
21 FW Belgium Yannick Carrasco
88%
- Coach Argentina Diego Simeone
87%
15 DF Montenegro Stefan Savić
87%
16 MF Mexico Héctor Herrera
85%
14 MF Spain Marcos Llorente
85%
8 MF Spain Saúl Ñíguez
85%
12 DF Brazil Renan Lodi
83%
4 MF Central African Republic Geoffrey Kondogbia
82%
18 DF Brazil Felipe
80%
22 DF Spain Mario Hermoso
80%
24 DF Croatia Sime Vrsaljko
77%
19 FW Spain Diego Costa
72%
5 MF Uruguay Lucas Torreira
67%
1 GK Croatia Ivo Grbić
60%
19 FW France Moussa Dembélé
60%
20 FW Spain Vitolo
50%
17 FW Serbia Ivan Šaponjić
47%
3 DF Spain Manu Sánchez
25%
No matching quizzes found
Score Distribution
Percent of People with Each Score
Percentile by Number Answered
Your Score History
You have not taken this quiz since the last reset